Statistics for Cities that start with the letter C

Click here to take the quiz!

General Stats

  • This quiz has been taken 55 times
  • The average score is 11 of 15

Answer Stats

HintAnswer% Correct
Capital of EgyptCairo
100%
Capital of AustraliaCanberra
98%
Capital of VenezuelaCaracas
96%
Translates to " White house " in PortugeseCasablanca
90%
The cape of good hopeCape Town
88%
Capital of MoldovaChisinau
88%
City in Ohio, named after a popular explorerColumbus
84%
Large City in North CarolinaCharlotte
80%
City with the largest Port on the Bay of BengalChennai
70%
Capital of GuineaConakry
68%
City on the islands of Zealand and AmagerCopenhagen
68%
City home to a famous, large, beanChicago
62%
4th largest Chinese City by urban area populationChongqing
54%
Capital of French GuianaCayenne
48%
City on the Southern tip of the Baja peninsulaCabo San Lucas
40%

Score Distribution

Percentile by Number Answered

Percent of People with Each Score

Your Score History

You have not taken this quiz